|
|
|
|
| LEADER |
00000naa0a2200000 4500 |
| 001 |
598218 |
| 005 |
20250306162547.0 |
| 035 |
|
|
|a (RuTPU)RU\TPU\tpu\21772
|
| 035 |
|
|
|a RU\TPU\tpu\21666
|
| 090 |
|
|
|a 598218
|
| 100 |
|
|
|a 20120917d2004 k y0rusy50 ca
|
| 101 |
0 |
|
|a rus
|
| 102 |
|
|
|a RU
|
| 200 |
1 |
|
|a Анализ экологических проблем инженерного образования в ТПУ на базе кафедры экологии и безопасности жизнедеятельности (ЭБЖ)
|f В. Ф. Панин [и др.]
|
| 333 |
|
|
|a В фонде НТБ ТПУ отсутствует
|
| 463 |
|
|
|t Проблемы и практика инженерного образования
|o труды шестой Международной научно-практической конференции, Томск, 14-17 марта 2004 г.
|v С. 16-20
|d 2004
|
| 610 |
1 |
|
|a труды учёных ТПУ
|
| 701 |
|
1 |
|a Панин
|b В. Ф.
|c специалист в области экологии и безопасности жизнедеятельности
|c профессор Томского политехнического университета
|f 1940-
|g Владимир Филиппович
|3 (RuTPU)RU\TPU\pers\21989
|9 9299
|
| 701 |
|
1 |
|a Попов
|b В. А.
|
| 701 |
|
1 |
|a Дашковский
|b А. Г.
|c специалист в области экологии и безопасности жизнедеятельности
|c доцент Томского политехнического университета, кандидат технических наук
|f 1953-
|g Анатолий Григорьевич
|3 (RuTPU)RU\TPU\pers\26052
|9 11891
|
| 701 |
|
1 |
|a Осипова
|b Н. А.
|c геохимик и геоэколог
|c доцент Томского политехнического университета, кандидат химических наук
|f 1958-
|g Нина Александровна
|3 (RuTPU)RU\TPU\pers\26349
|9 12102
|
| 701 |
|
1 |
|a Дашковская
|b А. А.
|
| 801 |
|
1 |
|a RU
|b 63413507
|c 20120731
|
| 801 |
|
2 |
|a RU
|b 63413507
|c 20120917
|g RCR
|
| 942 |
|
|
|c BK
|